000
00319nam a22001217a 4500
003
OSt
008
250116b |||||||| |||| 00| 0 eng d
041
_a
eng
100
_a
Association of Energy Engineers
_9
6947
245
_a
Corporate Energy Management Manual
260
_a
Georgia:
_b
Fair Merint Press,
_c
1979
942
_c
BK
999
_c
19036
_d
19036